Conformal invariants: topics in geometric function theory /
Guardado en:
| Autor Principal: | |
|---|---|
| Formato: | Libro |
| Idioma: | English |
| Publicado: |
New York :
McGraw-Hill,
[1973]
|
| Series: | McGraw-Hill series in higher mathematics
|
| Materias: | |
| Etiquetas: |
Agregar Etiqueta
Sin Etiquetas, Sea el primero en etiquetar este registro!
|
| LEADER | 00825cam a2200253 a 4500 | ||
|---|---|---|---|
| 001 | MAT.inmabb006008 | ||
| 008 | 730129s1973####nyua#####b####001#0#eng## | ||
| 005 | 20170623152808.0 | ||
| 245 | 1 | 0 | |a Conformal invariants: topics in geometric function theory / |c [by] Lars V. Ahlfors. |
| 260 | |a New York : |b McGraw-Hill, |c [1973] | ||
| 300 | |a vii, 157 p. : |b il. ; |c 23 cm. | ||
| 490 | 0 | |a McGraw-Hill series in higher mathematics | |
| 504 | |a Bibliografía: p. [152]-155. | ||
| 510 | 4 | |a MR, |c 50 #10211 | |
| 020 | |a 0070006598 | ||
| 100 | 1 | |a Ahlfors, Lars Valerian, |d 1907-1996. | |
| 084 | |a 30-02 |2 MR | ||
| 650 | 0 | |a Conformal invariants. | |
| 650 | 0 | |a Geometric function theory. | |
| 650 | 0 | |a Riemann surfaces. | |
| 084 | |a 30Cxx |2 msc2000 | ||
| 010 | |a 73001455 | ||
| 040 | |a DLC |c DLC |d DLC | ||
| 859 | |h 30 |i Ah285i |p A-6286 |b BIB. MATEMATICA | ||
